Electromagnetism: (Record no. 13643)

MARC details
000 -LEADER
fixed length control field 00846nam a22002417a 4500
005 - DATE AND TIME OF LATEST TRANSACTION
control field 20080613160752.0
008 - FIXED-LENGTH DATA ELEMENTS--GENERAL INFORMATION
fixed length control field 080613t xxu||||| |||| 00| 0 eng d
010 ## - LCCN (DPL NO)
LC control number ENG-90294
020 ## - INTERNATIONAL STANDARD BOOK NUMBER
International Standard Book Number 8120334663
Terms of availability 425.00
035 ## - SYSTEM CONTROL NUMBER
System control number EN-73827
037 ## - SOURCE OF ACQUISITION
Source of stock number/acquisition DBAD / PUB
040 ## - CATALOGING SOURCE
Original cataloging agency DPL
Language of cataloging EN
082 ## - DEWEY DECIMAL CLASSIFICATION NUMBER
Classification number 537
100 ## - MAIN ENTRY--PERSONAL NAME
Personal name Pramanik, Ashutosh
9 (RLIN) 52937
245 ## - TITLE STATEMENT
Title Electromagnetism:
Statement of responsibility, etc by Ashutosh Pramanik
Remainder of title problems with solutions /
250 ## - EDITION STATEMENT
Edition statement 2nd ed.
260 ## - PUBLICATION, DISTRIBUTION, ETC. (IMPRINT)
Place of publication, distribution, etc New Delhi
Name of publisher, distributor, etc Prentice Hall of India
Date of publication, distribution, etc 2008
270 ## - ADDRESS
Address M-97, Connaught Circus,
City New Delhi
Postal code 110001
300 ## - PHYSICAL DESCRIPTION
Extent x,806p.
Dimensions 23 cm (pbk)
500 ## - GENERAL NOTE
General note Includes bibliographical references
942 ## - ADDED ENTRY ELEMENTS (KOHA)
Item type English Books
Classification part 537
Source of classification or shelving scheme Dewey Decimal Classification
Call number suffix PRA
Holdings
Withdrawn status Lost status Damaged status Not for loan Collection code Home library Current library Date acquired Source of acquisition Cost, normal purchase price Total Checkouts Full call number Barcode Date last seen Copy number Cost, replacement price Koha item type
      Not For Loan Non-fiction D.B.Act.Division D.B.Act.Division 13/06/2008 DBAD / PUB 425.00   537 PRA EN-73827 15/09/2008 1 425.00 English Books

© Delhi Public Library
Hit Counter
free hit counter